000
00281nam a22001217a 4500
008
180928b xxu||||| |||| 00| 0 eng d
041
_a
eng
080
_a
721
100
_a
41
101
_a
ARK
245
_a
Illustrated Glossary of Architecture 850-1830
_c
Harris
942
_2
udc
_c
BK
999
_c
48662
_d
48662